00515 2200193 4500001002100000005001700021008004100038020002200079035002900101040001200130082001600142084001600158100001700174245003900191250001000230260003300240300003600273650001200309INLIS00000000000666120140924121505.0  a978-979-1477-30-7 a##a0010-091400000000961 aJIPDBWI 2[23]a641.3 a641.3 BUD s aSUTOMO, Budi aSukses Bisnis Baksoc/ Budi Sutomo aCet.1 aJakartabKriya Pustakac2009 aiv + 88 hlm.b; ilus.c; 23 cm. aMakanan